Фрицляндия на Урале (Запись № 11200736)

Подробности
000 -МАРКЕР
контрольное поле 02886nam0a2200481 i 4500
001 - ИДЕНТИФИКАТОР ЗАПИСИ
контрольное поле RU\NLR\BIBL_A\011960403
005 - ИДЕНТИФИКАТОР ВЕРСИИ
контрольное поле 20260408071352.0
010 ## - МЕЖДУНАРОДНЫЙ СТАНДАРТНЫЙ НОМЕР КНИГИ (ISBN)
Номер (ISBN) 9785824322576
Тираж 1000
035 ## - ДРУГИЕ СИСТЕМНЫЕ НОМЕРА
Идентификатор записи (NILC)LIBNET\0000935473
035 ## - ДРУГИЕ СИСТЕМНЫЕ НОМЕРА
Идентификатор записи (NLR Aleph) 011960403
100 ## - ДАННЫЕ ОБЩЕЙ ОБРАБОТКИ
Данные общей обработки 20190314d2018 k y0rusy50 ca
101 0# - ЯЗЫК РЕСУРСА
Язык текста, звукозаписи и т.д. русский
102 ## - СТРАНА ПУБЛИКАЦИИ ИЛИ ПРОИЗВОДСТВА
Страна публикации Российская Федерация
105 ## - ПОЛЕ КОДИРОВАННЫХ ДАННЫХ: ТЕКСТОВЫЕ МАТЕРИАЛЫ, МОНОГРАФИЧЕСКИЕ
Кодированные данные о монографическом текстовом документе ach z 000zy
200 1# - ЗАГЛАВИЕ И СВЕДЕНИЯ ОБ ОТВЕТСТВЕННОСТИ
Основное заглавие Фрицляндия на Урале
Сведения, относящиеся к заглавию российские немцы в лагере принудительного труда Бакаллаг-Челябметаллургстрой, 1942-1946
Первые сведения об ответственности [В. М. Кириллов, С.Л. Разинков, Л.И. Бородкин и др.
Последующие сведения об ответственности науч. ред.: В. М. Кириллов
-- Совет при Президенте Российской Федерации по развитию гражданского общества и правам человека и др.]
210 ## - ПУБЛИКАЦИЯ, РАСПРОСТРАНЕНИЕ И ДР.
Место издания, распространения и т.д. Москва
Имя издателя, распространителя и т. д. РОССПЭН
Дата издания, распространения и т.д. 2018
215 ## - ФИЗИЧЕСКАЯ ХАРАКТЕРИСТИКА
Специфическое обозначение материала и объем 806, [1] с.
Другие сведения о физической характеристике ил., портр., факс.
Размеры 24
225 1# - СЕРИЯ
Основное заглавие серии История сталинизма
Сведения об ответственности ред. совет: Й. Баберовски [и др.]
300 ## - ОБЩИЕ ПРИМЕЧАНИЯ
Текст примечания Авт. указаны на обороте тит. л.
320 ## - ПРИМЕЧАНИЯ О НАЛИЧИИ В ДОКУМЕНТЕ БИБЛИОГРАФИИ / УКАЗАТЕЛЯ
Текст примечания Библиогр. в подстроч. примеч.
320 ## - ПРИМЕЧАНИЯ О НАЛИЧИИ В ДОКУМЕНТЕ БИБЛИОГРАФИИ / УКАЗАТЕЛЯ
Текст примечания Именной указатель: с. 783-789
320 ## - ПРИМЕЧАНИЯ О НАЛИЧИИ В ДОКУМЕНТЕ БИБЛИОГРАФИИ / УКАЗАТЕЛЯ
Текст примечания Предметный указатель: с. 790-798
517 1# - ДРУГИЕ ВАРИАНТЫ ЗАГЛАВИЯ
Вариант заглавия Российские немцы в лагере принудительного труда Бакаллаг-Челябметаллургстрой, 1942-1946
601 02 - НАИМЕНОВАНИЕ ОРГАНИЗАЦИИ КАК ПРЕДМЕТ
Начальный элемент ввода Челябинский исправительно-трудовой лагерь
Системный номер авторитетной/нормативной записи 2416658
Идентификатор авторитетной/нормативной записи RU\NLR\AUTH\6601658338
601 02 - НАИМЕНОВАНИЕ ОРГАНИЗАЦИИ КАК ПРЕДМЕТ
Начальный элемент ввода Бакальский исправительно-трудовой лагерь
Идентифицирующий признак Челябинск
Системный номер авторитетной/нормативной записи 2416659
Идентификатор авторитетной/нормативной записи RU\NLR\AUTH\6601658339
606 1# - НАИМЕНОВАНИЕ ТЕМЫ КАК ПРЕДМЕТ
Наименование темы Немцы
Тематический подзаголовок Репрессии
Географический подзаголовок СССР
Системный номер авторитетной/нормативной записи 2383288
Идентификатор авторитетной/нормативной записи RU\NLR\AUTH\661421787
606 1# - НАИМЕНОВАНИЕ ТЕМЫ КАК ПРЕДМЕТ
Наименование темы Трудовые армии
Географический подзаголовок Урал
Хронологический подзаголовок 1941 - 1945
Системный номер авторитетной/нормативной записи 2473327
Идентификатор авторитетной/нормативной записи RU\NLR\AUTH\661468762
686 ## - ИНДЕКСЫ ДРУГИХ КЛАССИФИКАЦИЙ
Индекс 63.3(2)622-361
Издание LBC/M
Код системы
686 1# - ИНДЕКСЫ ДРУГИХ КЛАССИФИКАЦИЙ
Индекс Т3(2)722.9-207
686 1# - ИНДЕКСЫ ДРУГИХ КЛАССИФИКАЦИЙ
Индекс Т3(2)7-3
686 1# - ИНДЕКСЫ ДРУГИХ КЛАССИФИКАЦИЙ
Индекс Т3(29=Н)7,02
686 1# - ИНДЕКСЫ ДРУГИХ КЛАССИФИКАЦИЙ
Индекс Х628.402.111
701 #1 - ИМЯ ЛИЦА - АЛЬТЕРНАТИВНАЯ ОТВЕТСТВЕННОСТЬ
Материалы, к которым относится поле rus
Графика поля Кириллица
Начальный элемент ввода Кириллов
Часть имени, кроме начального элемента ввода В. М.
Дополнения к именам, кроме дат д-р ист. наук, история Урала
Расширение инициалов личного имени Виктор Михайлович
Идентификатор авторитетной/нормативной записи RU\NLR\AUTH\7787884
Системный номер авторитетной/нормативной записи 70812
701 #1 - ИМЯ ЛИЦА - АЛЬТЕРНАТИВНАЯ ОТВЕТСТВЕННОСТЬ
Начальный элемент ввода Разинков
Часть имени, кроме начального элемента ввода С. Л.
Даты 1976-
Расширение инициалов личного имени Сергей Львович
701 #1 - ИМЯ ЛИЦА - АЛЬТЕРНАТИВНАЯ ОТВЕТСТВЕННОСТЬ
Материалы, к которым относится поле rus
Графика поля Кириллица
Начальный элемент ввода Бородкин
Часть имени, кроме начального элемента ввода Л. И.
Даты 1946-
Расширение инициалов личного имени Леонид Иосифович
Идентификатор авторитетной/нормативной записи RU\NLR\AUTH\77461
Системный номер авторитетной/нормативной записи 110512
711 02 - НАИМЕНОВАНИЕ ОРГАНИЗАЦИИ - АЛЬТЕРНАТИВНАЯ ОТВЕТСТВЕННОСТЬ
Начальный элемент ввода Челябинский исправительно-трудовой лагерь
Идентификатор авторитетной/нормативной записи RU\NLR\AUTH\8810213438
Системный номер авторитетной/нормативной записи 313733
801 #0 - ИСТОЧНИК ЗАПИСИ
Страна Российская Федерация
Организация Тюменская ОНБ
Дата составления 20181030
Правила каталогизации rcr
942 ## - ДОПОЛНИТЕЛЬНЫЕ ЭЛЕМЕНТЫ ЗАПИСИ (АБИС)
Тип экземпляра АБИС Книга
980 ## - КОЛЛЕКЦИЯ
Название коллекции НБР

Нет доступных экземпляров.